• 首页
  • 本馆介绍
  • 公告通知
  • 最新文献
  • 馆藏检索
  • 电子资源
  • 读者导购
  • 参考咨询
  • 我的图书馆
  • 登录
  • 详细信息显示
  • 放入我的书架
  • 预约/预借图书
  • 作者相关作品
  • 分类相关作品
  • 丛书相关作品
  • 出版社相关作品

书目信息

  • 表格格式
  • 工作单格式
  • 卡片格式
题名:
国民经济计划学
    
 
作者: ;中国人民大学计划统计系国民经济计划教研室 编
分册: 上册  
出版信息: 北京   中国人民大学出版社  1979.08
页数: 266页
开本: 20cm
丛书名:
单 册:
中图分类: F210
科图分类:
主题词: 经济计划
电子资源:
ISBN:
000 00681nam0 2200205 45
001 0302171045
005 20070708111644.15
010    @dCNY1.05
091    @a4011.387
100    @a20030217d1979 km y0chiy0120 ea
101 0  @achi
200 1  @a国民经济计划学@AGuo Min Jing Ji Ji Hua Xue@h上册@f中国人民大学计划统计系国民经济计划教研室编@FZhong Guo Ren Min Da Xue Ji Hua Tong Ji Xi Guo Min Jing Ji Ji Hua Jiao Yan Shi Bian
210    @a北京@c中国人民大学出版社@d1979.08
215    @a266页@d20cm
300    @a高等学校财经专业教材
606 0  @a经济计划
690    @aF210@v3
711 02 @a中国人民大学计划统计系国民经济计划教研室@4编
801    @aCN@bTSTC@c20070708
905    @dF210@e2:1
    
    国民经济计划学.上册/中国人民大学计划统计系国民经济计划教研室编.-北京:中国人民大学出版社,1979.08
    266页;20cm
    高等学校财经专业教材
    
    ISBN :CNY1.05
    
●
相关链接 在E读中查询图书 在五车中查询图书 在当当中查询图书 在豆瓣中查询图书


正题名:国民经济计划学     索取号:F210/2:1         预约/预借

序号 登录号 条形码 馆藏地/架位号 状态 备注
1 0030518   001734975   第一样本阅览室/ [索取号:F210/2:1] 在馆    
2 0055884   001734779   密集书库/ [索取号:F210/2:1] 在馆    
3 0055886   000203675   密集书库/ [索取号:F210/2:1] 在馆    
4 0232033   000203666   密集书库/ [索取号:F210/2:1] 在馆    
5 0425527   204255279   密集书库/ [索取号:F210/2:1] 在馆    
6 0440879   204408792   密集书库/ [索取号:F210/2:1] 在馆    
7 0441234   204412340   密集书库/ [索取号:F210/2:1] 在馆    
8 0450157   204501574   密集书库/ [索取号:F210/2:1] 在馆    
唐山师范学院图书馆 欢迎您!
大连网信软件有限公司© 版权所有